LEADER 03804nam 22007215 450 001 9910403768203321 005 20251230064608.0 010 $a981-15-1724-X 024 7 $a10.1007/978-981-15-1724-2 035 $a(CKB)4100000011219805 035 $a(DE-He213)978-981-15-1724-2 035 $a(MiAaPQ)EBC6190700 035 $a(PPN)248395998 035 $a(EXLCZ)994100000011219805 100 $a20200504d2020 u| 0 101 0 $aeng 135 $aurnn|008mamaa 181 $ctxt$2rdacontent 182 $cc$2rdamedia 183 $acr$2rdacarrier 200 10$aAdvances in Small Satellite Technologies $eProceedings of 1st International Conference on Small Satellites /$fedited by PSR Srinivasa Sastry, Jiji CV, D.V.A. Raghavamurthy, Samba Siva Rao 205 $a1st ed. 2020. 210 1$aSingapore :$cSpringer Nature Singapore :$cImprint: Springer,$d2020. 215 $a1 online resource (XIII, 544 p. 319 illus., 245 illus. in color.) 225 1 $aLecture Notes in Mechanical Engineering,$x2195-4364 311 08$a981-15-1723-1 327 $aChannels Multi-Sensors Interface CMOS IC for Telemetry Application -- Study of concurrent piezo actuation and sensing on drift stability of CVGs -- A quantitative comparator of heuristic methods for optimal route in hilly terrain -- Simulation of the Dynamics and Control of Tethered Small Satellite Deployment -- Design and development of mass optimised Isolation Latch Valve for Chandrayaan 2 Lander Propulsion -- De-Tumbling Controller of NIUSAT -- The Configurable Attitude Control System(ACS) Test System Design for RSAT Test System -- Optimal Nonlinear Dynamic Inversion Based Flight Control System Design for an Aerospace Vehicle -- Closed Loop Simulation for Attitude Control of Nano-satellite -- Real-Time Autonomous Navigation Scheme for Pointing -- Mission and control configuration for spin to 3-axis stabilization for small satellite. 330 $aThis volume contains select papers presented during the 1st International Conference on Small Satellites, discussing the latest research and developments relating to small satellite technology. The papers cover various issues relating to design and engineering, ranging from the control, mechanical and thermal systems to the sensors, antennas and RF systems used. The volume will be of interest to scientists and engineers working on or utilizing satellite and space technologies. . 410 0$aLecture Notes in Mechanical Engineering,$x2195-4364 606 $aAerospace engineering 606 $aAstronautics 606 $aAutomatic control 606 $aRobotics 606 $aAutomation 606 $aMultiagent systems 606 $aSolar system 606 $aAerospace Technology and Astronautics 606 $aControl, Robotics, Automation 606 $aMultiagent Systems 606 $aSpace Physics 615 0$aAerospace engineering. 615 0$aAstronautics. 615 0$aAutomatic control. 615 0$aRobotics. 615 0$aAutomation. 615 0$aMultiagent systems. 615 0$aSolar system. 615 14$aAerospace Technology and Astronautics. 615 24$aControl, Robotics, Automation. 615 24$aMultiagent Systems. 615 24$aSpace Physics. 676 $a629.46 702 $aSastry$b PSR Srinivasa$4edt$4http://id.loc.gov/vocabulary/relators/edt 702 $aCV$b Jiji$4edt$4http://id.loc.gov/vocabulary/relators/edt 702 $aRaghavamurthy$b D.V.A$4edt$4http://id.loc.gov/vocabulary/relators/edt 702 $aRao$b Samba Siva$4edt$4http://id.loc.gov/vocabulary/relators/edt 801 0$bMiAaPQ 801 1$bMiAaPQ 801 2$bMiAaPQ 906 $aBOOK 912 $a9910403768203321 996 $aAdvances in Small Satellite Technologies$92032247 997 $aUNINA